Countries with two words or more #2 - Statistics

General Stats
  • This quiz has been taken 18 times
  • The average score is 14 of 21
Answer Stats
Hint Answer % Correct
A landlocked nation north of Ghana and Benin Burkina Faso
80%
The capital is San Jose Costa Rica
80%
Had a union with Slovakia Czech Republic
80%
Oldest standing republic San Marino
80%
Has some of the most oil in the world Saudi Arabia
80%
A British colony in Caribbean with beautiful beaches The Bahamas
80%
The smallest country in the world Vatican City
80%
Is more densely populated than it’s neighbor Honduras El Salvador
70%
Is one the original members in the commonwealth New zealand
70%
Borders Indonesia but did not get independent from Indonesia Pupua New Guinea
70%
Off the coast of Gabon São Tomé and Principe
70%
Off the coast of New Guinea Solomon Islands
70%
Off the coast of India Sri Lanka
70%
The smallest Caribbean country on the list Antigua and Barbua
60%
Off the coast of west Africa a former Portuguese colony Cape Verde
60%
The only Spanish colony near central Africa Equatorial Guinea
60%
The Portuguese Guinea Guinea-Bissau
60%
Has a French name and is in Africa Ivory Coast
60%
The flag has four white stars and a blue background Micronesia
50%
Nauru is in the south of this country Marshall Islands
40%
The last option Sierra Leone
40%
No matching quizzes found
Score Distribution
Percent of People with Each Score
Percentile by Number Answered
Your Score History
You have not taken this quiz